00403nam a2200157Ia 45000010006000000050017000060080041000230410008000640820016000721000023000882450081001112600009001923000028002016500008002296540008002372473620260414151103.0260414t2003||||xx |||||||||||||| ||spa|| aESP a345.73bJ94 aJusticia VivaeAUT 0aCambios en el sistema de justicia :bentre la expectativa y la incertidumbre c2003 a191 páginas :c27 cm. aDER aCDE